<?xml version="1.0" encoding="UTF-8"?><OAI-PMH xmlns="http://www.openarchives.org/OAI/2.0/" xmlns:xsi="http://www.w3.org/2001/XMLSchema-instance"     xsi:schemaLocation="http://www.openarchives.org/OAI/2.0/ http://www.openarchives.org/OAI/2.0/OAI-PMH.xsd"><responseDate>2026-05-17T03:00:04Z</responseDate><request verb="GetRecord" identifier="oai:regmurcia.com:fintegr.2066" metadataPrefix="marc21">http://oai.regmurcia.com/oai2/oai2.php</request><GetRecord><record><header><identifier>oai:regmurcia.com:fintegr.2066</identifier><datestamp>2026-05-17</datestamp><setSpec>documentos</setSpec></header><metadata><record  xmlns="http://www.loc.gov/MARC21/slim" xmlns:xsi="http://www.w3.org/2001/XMLSchema-instance" xsi:schemaLocation="http://www.loc.gov/MARC21/slim http://www.loc.gov/standards/marcxml/schema/MARC21slim.xsd" type="Bibliographic"><leader>00000nam a2200000   4500</leader><controlfield tag="001" >005076192</controlfield><controlfield tag="003" >2066</controlfield><controlfield tag="004" >A00000000</controlfield><datafield tag="245" ind1=" " ind2=" "><subfield code="a">Testimonio del juramento realizado por el corregidor y por el concejo de Murcia de no hacer fraude en la recaudación de las rentas reales</subfield></datafield><datafield tag="300" ind1=" " ind2=" "><subfield code="c">218 x 153 mm.</subfield></datafield><datafield tag="300" ind1=" " ind2=" "><subfield code="a">3 fol.</subfield></datafield><datafield tag="351" ind1=" " ind2=" "><subfield code="a">Unidad Documental</subfield><subfield code="c">Archivo de Murcia. Array</subfield><subfield code="a">Unidad Documental</subfield><subfield code="c">Archivo de Murcia. Array</subfield></datafield><datafield tag="351" ind1=" " ind2=" "><subfield code="b">Nº 74</subfield></datafield><datafield tag="506" ind1=" " ind2=" "><subfield code="a">Acceso restringido</subfield></datafield><datafield tag="520" ind1=" " ind2=" "><subfield code="a">Testimonio de presentación de una ley del cuaderno de las alcabalas por parte de Juan de Córboba y Fernando de Ciudad ante el corregidor y el concejo de Murcia. Fol. 1r-v
- Ley del cuaderno de las alcabalas por la cual el rey ordenaba hacer juramento, siempre que fuera requerido por sus arrendadores, de no hacer fraude ni poner impedimentos en la recaudación de las rentas reales. Fol. 1v-2r
- Requerimiento hecho al corregidor y al concejo de Murcia por parte de Juan de Córdoba y Fernando de Ciudad, en nombre de Pedro de Ciudad, para que presten juramento de no llevar a cabo ningún engaño en el pago de las rentas. Juramento realizado por el corregidor y el concejo, salvo por parte del regidor Alfonso de Cascales. Fol. 2r-3r
- Juramento realizado por Alfonso de Cascales. Fol. 3r-v</subfield></datafield><datafield tag="583" ind1=" " ind2=" "><subfield code="u">http://www.regmurcia.com/servlet/s.Sl?METHOD=VERDOCUMENTO&amp;sit=serv,Carmesi&amp;n=/01/1334/indice.djvu</subfield></datafield><datafield tag="592" ind1=" " ind2=" "><subfield code="a">1460-03-22</subfield></datafield><datafield tag="592" ind1=" " ind2=" "><subfield code="d">1460-03-22 00:00:00</subfield></datafield><datafield tag="651" ind1=" " ind2=" "><subfield code="a">Murcia</subfield></datafield><datafield tag="786" ind1=" " ind2=" "><subfield code="o">http://www.regmurcia.com/servlet/s.Sl?METHOD=VERDOCUMENTO&amp;sit=serv,Carmesi&amp;n=/01/1334/indice.djvu</subfield></datafield><datafield tag="856" ind1=" " ind2=" "><subfield code="u">http://www.regmurcia.com/servlet/s.Sl?METHOD=DETALLE&amp;sit=c,373,m,139,serv,Carmesi&amp;id=2066</subfield></datafield></record></metadata></record></GetRecord></OAI-PMH>
